Subdesarrollo y población femenina en Nicaragua

Saved in:
Bibliographic Details
Main Author: Pérez Rojas, Niurka
Format: Text
Published: Habana: Robert Poland Azoy
Tags: Add Tag
No Tags, Be the first to tag this record!

MARC

LEADER 00000 a a2200000 04500
001 22322
003
040
090 |a 151400  
100 |a Pérez Rojas, Niurka  
245 |a Subdesarrollo y población femenina en Nicaragua  
260 |a Habana:   |b Robert Poland Azoy  
300 |a 33 p  
999 |c 14093  |d 14093